000 00552nam a2200205Ia 4500
005 20250522104331.0
008 008 250516s9999 xx 000 0 eng d
020 _a9780821848609
040 _aSDCL
_beng
_cSDCL
041 _aeng
_2eng
084 _aB32, P9
_qSDCL
100 _aRamanan, S.
_9445590
245 0 _aGlobal Calculus
260 _aNew Delhi:
_bAmerican Mathematical Society,
_c2009.
300 _axi,316p.
365 _aINR
_b0
490 _aGraduate studies in mathematics Volume 65
650 _aMathematics
942 _cTEXL
999 _c1429979
_d1429979